000
00274nam a22001217a 4500
008
260305b ||||| |||| 00| 0 eng d
041
_a
eng
080
_a
2.1
100
_a
20.1
101
_a
Ngjarje
245
_a
Reisen in den Balkan
_c
Franz Baron Nopcsa
942
_2
udc
_c
BK
999
_c
60870
_d
60870